| 000 | 00836nam a2200265 i 4500 | ||
|---|---|---|---|
| 001 | bg | ||
| 100 | 1 | _aRYŻEWSKA, Stanisława | |
| 245 | 1 | 0 |
_aBankowa analiza przedsiębiorstwa dla potrzeb oceny ryzyka kredytowego / _cStanisława Ryżewska. |
| 260 |
_aWarszawa : _bTWIGGER, _c2002. |
||
| 300 |
_a295 s. : _bwykr. ; _c21 cm + + _eCD ROM. |
||
| 490 | 1 | _aBiblioteka Bankowca | |
| 504 | _aBibliogr. | ||
| 650 | 9 |
_aPrzedsiębiorstwo _xfinanse _xbadanie |
|
| 650 | 9 |
_aPrzedsiębiorstwo _xrachunkowość |
|
| 650 | 9 | _aKredyt | |
| 830 | _aBiblioteka Bankowca | ||
| 020 | _a8388904043 | ||
| 040 | _cBPK | ||
| 041 | 0 | _apl | |
| 080 | _a658.14/.17.01:657:336.77 | ||
| 920 | _a83-88904-04-3 | ||
| 942 | _cKS | ||
| 008 | s pl f |000 0 pol | ||
| 999 |
_c41983 _d41983 |
||
| 856 |
_uhttp://koha.tu.koszalin.pl/cgi-bin/koha/opac-detail.pl?biblionumber=41983 _yKatalog online BPK |
||